000 003390000a22001450004500
003 MACL
040 _aMACL
090 _c33104
_d33102
100 _aPuri, Gopal K
245 _aExpected Question on Public Administration
260 _bIIMS Publications
_c2002
350 _a200
650 _aPublic Administration
942 _cBOOK
_k351/PUR
999 _c32762
_d32762